LEADER 01984nam0 2200421 i 450 001 BVE0060099 005 20251003044054.0 010 $a8815046127 020 $aIT$b95-3005 100 $a19961002d1994 ||||0itac50 ba 101 | $aita 102 $ait 181 1$6z01$ai $bxxxe 182 1$6z01$an 200 1 $aˆIl ‰progresso economico dell'Italia$epermanenze, discontinuità, limiti$fa cura di Pierluigi Ciocca 210 $aBologna$cIl mulino$d[1994] 215 $a274 p.$d22 cm. 225 | $aCollana della Società italiana degli economisti 410 0$1001CFI0080841$12001 $aCollana della Società italiana degli economisti$171202$aSocietà italiana degli economisti$3CFIV010023 606 $aItalia$xSviluppo economico$xSec. 19.-20.$2FIR$3CFIC074847$9I 676 $a330$9ECONOMIA$v21 676 $a330.945$9SITUAZIONI E CONDIZIONI ECONOMICHE. ITALIA$v12 676 $a330.945$9SITUAZIONI E CONDIZIONI ECONOMICHE. Italia$v20 676 $a338.945$9SVILUPPO ECONOMICO E POLITICHE DI SVILUPPO. Italia$v20 676 $a338.945$9SVILUPPO ECONOMICO. Italia$v21 676 $a338.945$9SVILUPPO E CRESCITA ECONOMICA. Italia$v23 686 $aIT/X430.0$cECONOMIA E SOCIETA ITALIA$2R 696 $aCrescita economica 699 $aSviluppo economico$yCrescita economica 702 1$aCiocca$b, Pierluigi$3CFIV059030 801 3$aIT$bIT-000000$c19961002 850 $aIT-BN0095 901 $bNAP 01$cPOZZO LIB.$nVi sono collocati fondi di economia, periodici di ingegneria e scienze, periodici di economia e statistica e altri fondi comprendenti documenti di economia pervenuti in dono. 912 $aBVE0060099 950 0$aBiblioteca Centralizzata di Ateneo$c1 v.$d 01POZZO LIB.ECON MON 8239$e 0101 0000091795E VMA 1 v. (Precedente collocazione: GUERRAZZI B 592)$fB $h20071120$i20071120 977 $a 01 996 $aProgresso economico dell'Italia$961306 997 $aUNISANNIO